| 000 | 00442nam a2200169Ia 4500 | ||
|---|---|---|---|
| 005 | 20250423095603.0 | ||
| 008 | 250422s9999 xx 000 0 und d | ||
| 020 | _a9780875849089 | ||
| 050 | _aHD 30.28. H37/ | ||
| 245 | 0 | _aHarvard business review on managing uncertainty | |
| 260 | _aBoston | ||
| 260 | _bHarvard Business School Press | ||
| 260 | _c1998 | ||
| 300 | _a218 p | ||
| 650 | _aStrategic planning. Uncertainty. | ||
| 942 | _cBK | ||
| 999 |
_c30728 _d30728 |
||